| 000 | 00000nam##2200000za#4500 |
| 001 | 9.569803 |
| 003 | CaOODSP |
| 005 | 20210624181936 |
| 007 | cr ||||||||||| |
| 008 | 150406|2006||||xxc|||||o f|0| 0 eng|d |
| 040 | |aCaOODSP|beng |
| 043 | |an-cn--- |
| 086 | 1 |aNH18-1/313-2006E-PDF |
| 110 | 2 |aCanada Mortgage and Housing Corporation. |
| 245 | 10|aImpact of water softeners on septic tanks : |h[electronic resource]|bfield evaluation study: final report / |cby Chris Kinsley, Anna Crolla, Doug Joy. |
| 246 | 1 |aImpact of water softeners on septic tanks: final report |
| 260 | |aOttawa - Ontario : |bCanada Mortgage and Housing Corporation |c2006. |
| 300 | |a40p.|bgraph, references, tables, photographs |
| 490 | 1 |aResearch report |
| 546 | |a(Résumé en français) |
| 590 | |a11-26-Supp|b2011-11-03 |
| 720 | 1 |aKinsley, Chris |
| 720 | 1 |aJoy, Doug |
| 720 | 1 |aCrolla, Anna |
| 830 | #0|aResearch report (Canada Mortgage and Housing Corporation : Online)|w(CaOODSP)9.506068 |
| 856 | 40|ahttp://publications.gc.ca|qPDF|s2.03 MB|uhttps://publications.gc.ca/collections/collection_2011/schl-cmhc/nh18-1/NH18-1-313-2006-eng.pdf |